| 000 | 00000nam##2200000za#4500 |
| 001 | 9.640467 |
| 003 | CaOODSP |
| 005 | 20210624222701 |
| 007 | cr ||||||||||| |
| 008 | 150407|2000||||xxc|||||o f|0| 0 fre|d |
| 040 | |aCaOODSP|bfre |
| 043 | |an-cn--- |
| 086 | 1 |aH21-156/2000F-PDF |
| 110 | 1 |aCanada. |bSanté Canada. |
| 245 | 10|aRemaniement de Santé Canada pour mieux servir la population canadienne |h[ressource électronique] |
| 260 | |aOttawa - Ontario : |bSanté Canada |c17 avril 2000. |
| 300 | |a33p.|bfigure, organigrammes |
| 590 | |a12-30-Supp|b2012-06-28 |
| 691 | 07|aPolitique en matière de santé|2gcpds |
| 691 | 07|aPromotion de la santé|2gcpds |
| 775 | 08|tRealigning Health Canada to better serve Canadians |w(CaOODSP)9.696350 |
| 776 | 0#|tRealigning Health Canada to better serve Canadians / |w(CaOODSP)9.661937 |
| 776 | 0#|tRemaniement de Santé Canada pour mieux servir la population canadienne / |w(CaOODSP)9.661938 |
| 856 | 40|ahttp://publications.gc.ca|qPDF|s578 Ko|uhttps://publications.gc.ca/collections/Collection/H21-156-2000F.pdf |